| 000 | 01558nam a22002057a 4500 | ||
|---|---|---|---|
| 003 | IT-MiCISF | ||
| 005 | 20250411112619.0 | ||
| 008 | 180709b ||||| |||| 00| 0 eng d | ||
| 040 | _cIT-MiCISF | ||
| 041 | _ait | ||
| 100 |
_aPoletti Silvia _957298 |
||
| 245 |
_aDocenti Smart. Metodo BAM: Basta Alzare le Mani. _bDiventare eduformatori e prevenire il bullismo |
||
| 260 |
_aCinisello B. (MI), _bSan Paolo, _c2018 |
||
| 300 | _app. 138 | ||
| 500 | _ascuola, educazione, problemi-educazione | ||
| 520 | _aQuesto libro parte dalla necessità di docenti ed educatori di mettere a punto un nuovo modello eduformativo: BAM - Basta Alzare Le Mani significa mettere in discussione uno dei gesti più tradizionali che si imparano a scuola, l'alzata di mano per ottenere la parola. Dobbiamo aiutare i bambini e i ragazzi a comprendere quando è il loro momento di intervenire, rispettando se stessi e gli altri. Acquisire competenze come l'ascolto, l'autoregolazione emotiva, l'autonomia, sviluppa sensibilità e senso di responsabilità che portano, di conseguenza, una seria e concreta prevenzione del fenomeno del bullismo. Ai docenti vengono offerti gli strumenti pratici di progettazione educativa e didattica (il testo propone elementi di problem solving, mappe di lavoro e giochi da realizzare in classe) per trovare un diverso modo di insegnare, tenendo conto dei differenti tipi d'intelligenza dei bambini e diventando per loro adulti affascinanti, da cui imparare ad imparare. | ||
| 650 |
_ascuola _956165 |
||
| 654 | _asaggio | ||
| 942 |
_2ddc _cBK |
||
| 999 |
_c357944 _d357944 |
||